000
00280nam a22001217a 4500
008
181221b xxu||||| |||| 00| 0 eng d
041
_a
eng
080
_a
821
100
_a
22
101
_a
GJL
245
_a
Paperworth's Ordinary of British Armorials
_c
Heraldry
942
_2
udc
_c
BK
999
_c
53601
_d
53601